[Event "Rheinland Pfalz op 4th"]
[Site "Altenkirchen"]
[Date "2012.06.08"]
[Round "3"]
[White "Bretz, Christoph"]
[Black "Humburg, Tilmann"]
[Result "0-1"]
[WhiteElo "1678"]
[BlackElo "1116"]
[PlyCount "68"]
[EventDate "2012.06.07"]
[EventType "swiss"]
[EventRounds "7"]
[EventCountry "GER"]
[SourceTitle "CBM 148 Extra"]
[Source "ChessBase"]
[SourceDate "2012.06.22"]
[SourceVersion "1"]
[SourceVersionDate "2012.06.22"]
[SourceQuality "1"]

1. e4 e5 2. Nf3 Nc6 3. Bc4 Be7 4. Nc3 Nf6 5. d4 exd4 6. Nxd4 Ne5 7. Bb3 0-0 8. 0-0 c5 9. Ndb5 c4 10. Bf4 cxb3 11. Bxe5 bxc2 12. Qxc2 Ne8 13. Rfd1 a6 14. Nd4 d6 15. Bg3 Bg4 16. f3 Bh5 17. Qb3 b5 18. Nc6 Qb6+ 19. Nd4 Bf6 20. Bf2 Bxd4 21. Bxd4 Qd8 22. Be3 Rc8 23. e5 Qe7 24. Qb4 Qe6 25. Nd5 Rc4 26. Qa3 Qxe5 27. Qxa6 Nc7 28. Qb7 Nxd5 29. Qxd5 Qxe3+ 30. Kf1 Rc2 31. Rd2 Rxd2 32. Qxd2 Qxd2 33. b3 Re8 34. h3 Re2 0-1

[Event "Rheinland Pfalz op 4th"]
[Site "Altenkirchen"]
[Date "2012.06.07"]
[Round "1"]
[White "Humburg, Tilmann"]
[Black "Giesler, Stephan"]
[Result "0-1"]
[WhiteElo "1116"]
[BlackElo "1943"]
[PlyCount "58"]
[EventDate "2012.06.07"]
[EventType "swiss"]
[EventRounds "7"]
[EventCountry "GER"]
[SourceTitle "CBM 148 Extra"]
[Source "ChessBase"]
[SourceDate "2012.06.22"]
[SourceVersion "1"]
[SourceVersionDate "2012.06.22"]
[SourceQuality "1"]

1. e4 c5 2. Nf3 Nc6 3. c3 Nf6 4. d3 e5 5. Be2 Be7 6. b3 0-0 7. Bb2 d5 8. Qc2 d4 9. 0-0 Ne8 10. Nbd2 Nd6 11. cxd4 cxd4 12. Nc4 Nxc4 13. bxc4 Be6 14. a3 Rc8 15. Rad1 Qa5 16. Qc1 f6 17. h3 b5 18. Nh4 bxc4 19. dxc4 Qa4 20. Nf5 Bc5 21. Bd3 Rfe8 22. f4 Bxf5 23. exf5 e4 24. Be2 d3+ 25. Kh1 dxe2 26. Rde1 exf1Q+ 27. Rxf1 e3 28. Qe1 e2 29. Rf3 Rcd8 0-1

[Event "Niedersachsen-ch op-B"]
[Site "Verden"]
[Date "2012.01.05"]
[Round "7"]
[White "Brinkers, Niklas"]
[Black "Humburg, Tilmann"]
[Result "1/2-1/2"]
[WhiteElo "1113"]
[BlackElo "1270"]
[PlyCount "33"]
[EventDate "2012.01.02"]
[EventType "swiss"]
[EventRounds "7"]
[EventCountry "GER"]
[SourceTitle "EXT 2021"]
[Source "ChessBase"]
[SourceDate "2020.10.23"]
[SourceVersion "1"]
[SourceVersionDate "2020.10.23"]
[SourceQuality "1"]

1. e4 e5 2. Nf3 Nc6 3. Bc4 Nf6 4. Ng5 d5 5. exd5 Na5 6. Bb5+ Bd7 7. Bxd7+ Nxd7 8. d4 Nc4 9. 0-0 Nxb2 10. Bxb2 Qxg5 11. dxe5 0-0-0 12. Re1 Bc5 13. e6 fxe6 14. dxe6 Nb6 15. Qf3 Rhf8 16. Qg3 Rxf2 17. e7 1/2-1/2

[Event "Niedersachsen-ch op-B"]
[Site "Verden"]
[Date "2012.01.04"]
[Round "6"]
[White "Humburg, Tilmann"]
[Black "Zozulin, Ilja"]
[Result "1-0"]
[WhiteElo "1270"]
[BlackElo "885"]
[PlyCount "88"]
[EventDate "2012.01.02"]
[EventType "swiss"]
[EventRounds "7"]
[EventCountry "GER"]
[SourceTitle "EXT 2021"]
[Source "ChessBase"]
[SourceDate "2020.10.23"]
[SourceVersion "1"]
[SourceVersionDate "2020.10.23"]
[SourceQuality "1"]

1. e4 e5 2. Nf3 Nc6 3. d3 Nf6 4. Be2 g6 5. 0-0 Bg7 6. Bg5 h6 7. Bxf6 Qxf6 8. Nc3 0-0 9. Nd5 Qd8 10. Re1 d6 11. c3 Be6 12. c4 Bxd5 13. cxd5 Ne7 14. b4 c6 15. dxc6 Nxc6 16. b5 Nd4 17. Nxd4 exd4 18. a4 a6 19. Rb1 Qd7 20. b6 Rac8 21. Bg4 f5 22. exf5 gxf5 23. Qb3+ Kh8 24. Bh3 Rc3 25. Qd1 Qc6 26. a5 Be5 27. Qh5 Bg7 28. Bxf5 Kg8 29. Be4 Qc5 30. Qxc5 Rxc5 31. Bxb7 Rxa5 32. Be4 d5 33. Bg6 Rb8 34. h3 Rb5 35. Rbc1 R5xb6 36. Bf5 Rf8 37. Be6+ Kh8 38. Bxd5 Rb2 39. Bc4 Rfxf2 40. Bd5 Rbd2 41. Be4 a5 42. Rc8+ Bf8 43. Rf1 Kg7 44. Rxf8 Rb2 1-0

[Event "Niedersachsen-ch op"]
[Site "Verden"]
[Date "2011.01.03"]
[Round "3"]
[White "Diederichs, Hannah"]
[Black "Humburg, Tilmann"]
[Result "0-1"]
[WhiteElo "791"]
[BlackElo "1292"]
[PlyCount "58"]
[EventDate "2011.01.02"]
[EventType "swiss"]
[EventRounds "7"]
[EventCountry "GER"]
[SourceTitle "EXT 2018"]
[Source "ChessBase"]
[SourceDate "2017.10.13"]
[SourceVersion "1"]
[SourceVersionDate "2017.10.13"]
[SourceQuality "1"]

1. c4 e5 2. e4 Nf6 3. Nc3 Bb4 4. g3 Bxc3 5. bxc3 0-0 6. d3 d6 7. h3 Nbd7 8. Ne2 Nc5 9. Bg2 h6 10. 0-0 b6 11. f4 Rb8 12. f5 Bb7 13. h4 Qd7 14. Ba3 Ng4 15. Bxc5 bxc5 16. Nc1 Ne3 17. Qh5 Nxf1 18. Kxf1 c6 19. f6 Qe6 20. fxg7 Qf6+ 21. Bf3 Rfe8 22. d4 cxd4 23. cxd4 exd4 24. Qg4 c5 25. Kg1 d3 26. Rb1 Qd4+ 27. Kg2 Re7 28. Nb3 Qxc4 29. Na5 Qc2+ 0-1